Car : (Record no. 9940)

MARC details
000 -LEADER
fixed length control field 01205nam a22003137a 4500
001 - CONTROL NUMBER
control field 9940
003 - CONTROL NUMBER IDENTIFIER
control field FISKH
005 - DATE AND TIME OF LATEST TRANSACTION
control field 20260318142626.0
008 - FIXED-LENGTH DATA ELEMENTS--GENERAL INFORMATION
fixed length control field 260318b cb ||||| |||| 00| 0 eng d
020 ## - INTERNATIONAL STANDARD BOOK NUMBER
International Standard Book Number 0679807438
040 ## - CATALOGING SOURCE
Original cataloging agency FISKH
Language of cataloging eng
Transcribing agency FISKH
Modifying agency FISKH
050 ## - LIBRARY OF CONGRESS CALL NUMBER
Classification number TL147 .S88
082 ## - DEWEY DECIMAL CLASSIFICATION NUMBER
Classification number 629.222
100 ## - MAIN ENTRY--PERSONAL NAME
Personal name Sutton , Richard
245 ## - TITLE STATEMENT
Title Car :
Remainder of title Discover the history and workings of cars-from the horseless carriage to the modern supercharged car /
Statement of responsibility, etc. By Richard Sutton
250 ## - EDITION STATEMENT
Edition statement First American edition , 1990
260 ## - PUBLICATION, DISTRIBUTION, ETC.
Place of publication, distribution, etc. London :
Name of publisher, distributor, etc. DK (Dorling Kindersley) ,
Date of publication, distribution, etc. 1990.
300 ## - PHYSICAL DESCRIPTION
Extent 63 pages :
Other physical details color illustrations ;
Dimensions 28 cm .
490 ## - SERIES STATEMENT
Series statement DK Eyewitness Guides
Volume/sequential designation 21
505 ## - FORMATTED CONTENTS NOTE
Formatted contents note Z <br/>
520 ## - SUMMARY, ETC.
Summary, etc. A photo essay about the history, development, and impact of automobiles from horseless carriages and Model T Fords to today's high-performance racing cars; featuring detailed cutaway photos showing how the moving parts of a car work.
521 8# - TARGET AUDIENCE NOTE
Target audience note 1000 <br/>
Source Lexile <br/>
521 8# - TARGET AUDIENCE NOTE
Target audience note Z <br/>
Source Raz-Plus <br/>
650 ## - SUBJECT ADDED ENTRY--TOPICAL TERM
Topical term or geographic name entry element Automobiles
Form subdivision Juvenile Literature
700 ## - ADDED ENTRY--PERSONAL NAME
Personal name Dunning, Mike
Relator term Illustrator
700 ## - ADDED ENTRY--PERSONAL NAME
Personal name King , Dave
Relator term Illustrator
942 ## - ADDED ENTRY ELEMENTS (KOHA)
Source of classification or shelving scheme Dewey Decimal Classification
Koha item type Books
Suppress in OPAC No
Holdings
Withdrawn status Lost status Source of classification or shelving scheme Damaged status Not for loan Collection Home library Current library Shelving location Date acquired Total Checkouts Full call number Barcode Date last seen Price effective from Koha item type
    Dewey Decimal Classification     Non-Fiction Footprints International School Library Network Toul Tom Poung Campus Footprints International School Library Network Toul Tom Poung Campus TTP Secondary Non-Fiction Bookshelves 03/18/2026   SUT 629.222 TL147 .S88 FIS01170 03/18/2026 03/18/2026 Books